000
00235nam a2200097Ia 4500
001
640813
005
20250826153454.0
008
250824s9999 xx 000 0 und d
245
0
_a
KOLEJ GÜNLERİ
_c
BERNARD FRIOT
260
_b
GENÇ TİMAŞ
999
_c
640813
_d
640813